Library Logo

Pioneer International University Library Catalogue

Computing today / (Record no. 6507)

MARC details
000 -LEADER
fixed length control field 00683cam a22001934a 4500
005 - DATE AND TIME OF LATEST TRANSACTION
control field 20250901165612.0
008 - FIXED-LENGTH DATA ELEMENTS--GENERAL INFORMATION
fixed length control field 031023s2004 maua 001 0 eng
010 ## - LIBRARY OF CONGRESS CONTROL NUMBER
LC control number 2003114505
020 ## - INTERNATIONAL STANDARD BOOK NUMBER
International Standard Book Number 0072565985 (pbk. : alk. paper)
020 ## - INTERNATIONAL STANDARD BOOK NUMBER
International Standard Book Number 0071199985 (international ed.)
050 00 - LIBRARY OF CONGRESS CALL NUMBER
Classification number QA76.5 .O448 2004
Item number .O448 2004
082 00 - DEWEY DECIMAL CLASSIFICATION NUMBER
Classification number 004.16
Edition information 22
100 1# - MAIN ENTRY--PERSONAL NAME
Personal name O'Leary, Timothy J.,
Dates associated with a name 1947-
245 10 - TITLE STATEMENT
Title Computing today /
Statement of responsibility, etc. Timothy J. O'Leary, Linda I. O'Leary.
260 ## - PUBLICATION, DISTRIBUTION, ETC.
Place of publication, distribution, etc. Boston :
Name of publisher, distributor, etc. McGraw-Hill Technology Education,
Date of publication, distribution, etc. c2004.
300 ## - PHYSICAL DESCRIPTION
Extent xxx, 690 p. :
Other physical details col. ill. ;
Dimensions 28 cm. +
Accompanying material 1 CD-ROM (4 3/4 in.)
500 ## - GENERAL NOTE
General note Includes index.
942 ## - ADDED ENTRY ELEMENTS (KOHA)
Source of classification or shelving scheme Library of Congress Classification
Classification part QA76.5 .O448 2004
Holdings
Withdrawn status Lost status Source of classification or shelving scheme Damaged status Not for loan Home library Current library Shelving location Date acquired Total checkouts Full call number Barcode Date last seen Price effective from Koha item type
    Library of Congress Classification     Main Library Main Library   03/19/2024   QA76.5 .O448 2004 PIUD0000046 03/19/2024 03/19/2024 Books